<?xml version="1.0" encoding="UTF-8"?>
<record
    xmlns:xsi="http://www.w3.org/2001/XMLSchema-instance"
    xsi:schemaLocation="http://www.loc.gov/MARC21/slim http://www.loc.gov/standards/marcxml/schema/MARC21slim.xsd"
    xmlns="http://www.loc.gov/MARC21/slim">

  <leader>00977nam a2200217 a 4500</leader>
  <controlfield tag="001">BRCA_8988</controlfield>
  <controlfield tag="005">20190320210501.0</controlfield>
  <controlfield tag="008">110717s1766----sp-#######---#000-0#lat-#</controlfield>
  <datafield tag="041" ind1=" " ind2=" ">
    <subfield code="a">lat</subfield>
  </datafield>
  <datafield tag="044" ind1=" " ind2=" ">
    <subfield code="a">spa</subfield>
  </datafield>
  <datafield tag="084" ind1=" " ind2=" ">
    <subfield code="a">LM5</subfield>
    <subfield code="b">.G733 1766</subfield>
  </datafield>
  <datafield tag="100" ind1="1" ind2=" ">
    <subfield code="a">Granatensi, Ludovico</subfield>
    <subfield code="d">1504 - 1588</subfield>
    <subfield code="9">22307</subfield>
  </datafield>
  <datafield tag="245" ind1="1" ind2="0">
    <subfield code="a">Tertius tomus Concionum de tempore,  quae a dominica IV. quadragesimae ad ejus usque finem haberi solent</subfield>
    <subfield code="b">quinque de poenitentia conciones, quae diebus Dominicis in Quadragesima horis pomeridianis habitae sunt</subfield>
    <subfield code="c">auctore R.P.F. Ludovico Granatensi, Sac. Theol. Monacho Dominicano.</subfield>
  </datafield>
  <datafield tag="260" ind1=" " ind2=" ">
    <subfield code="a">Valentiae Hedetanorum</subfield>
    <subfield code="b">In oficina viduae Josephi de Orga</subfield>
    <subfield code="c">1766</subfield>
  </datafield>
  <datafield tag="300" ind1=" " ind2=" ">
    <subfield code="a">547 p. (t.3)</subfield>
    <subfield code="c">21 x 15.5 cm</subfield>
  </datafield>
  <datafield tag="500" ind1=" " ind2=" ">
    <subfield code="a">Superiorum permissu</subfield>
  </datafield>
  <datafield tag="500" ind1=" " ind2=" ">
    <subfield code="a">Estado f&#xED;sico: presenta encuadernaci&#xF3;n en pergamino con cintas, cantos decorados y presencia del pez de plata</subfield>
  </datafield>
  <datafield tag="650" ind1="1" ind2="4">
    <subfield code="a">Fiestas religiosas</subfield>
    <subfield code="y">Obras anteriores a 1800</subfield>
    <subfield code="9">22308</subfield>
  </datafield>
  <datafield tag="902" ind1=" " ind2=" ">
    <subfield code="a">CFM</subfield>
  </datafield>
  <datafield tag="942" ind1=" " ind2=" ">
    <subfield code="2">lcc</subfield>
    <subfield code="c">B</subfield>
  </datafield>
  <datafield tag="999" ind1=" " ind2=" ">
    <subfield code="c">8639</subfield>
    <subfield code="d">8639</subfield>
  </datafield>
  <datafield tag="952" ind1=" " ind2=" ">
    <subfield code="0">0</subfield>
    <subfield code="1">0</subfield>
    <subfield code="4">0</subfield>
    <subfield code="7">0</subfield>
    <subfield code="a">BRCA</subfield>
    <subfield code="b">BRCA</subfield>
    <subfield code="d">2017-07-11</subfield>
    <subfield code="l">0</subfield>
    <subfield code="o">LM5 .G733 1766</subfield>
    <subfield code="p">CFM00316</subfield>
    <subfield code="r">2019-03-22 00:00:00</subfield>
    <subfield code="w">2019-03-22</subfield>
    <subfield code="y">B</subfield>
  </datafield>
</record>
